Derecho civil español común y foral (Record no. 41827)
[ view plain ]
| 000 -LEADER | |
|---|---|
| campo de control de longitud fija | 01013nam a2200193 i 4500 |
| 001 - NÚMERO DE CONTROL | |
| campo de control | 41827 |
| 003 - IDENTIFICADOR DE NÚMERO DE CONTROL | |
| campo de control | ES-MaACL |
| 005 - FECHA Y HORA DE LA ÚLTIMA TRANSACCIÓN | |
| campo de control | 20231229063008.0 |
| 007 - CAMPO FIJO DE DESCRIPCIÓN FÍSICA--INFORMACIÓN GENERAL | |
| campo de control de longitud fija | t| |
| 008 - DATOS DE LONGITUD FIJA--INFORMACIÓN GENERAL | |
| campo de control de longitud fija | 030311m19361939sp ||||1| spa d |
| 100 1# - ENTRADA PRINCIPAL--NOMBRE DE PERSONA | |
| Nombre de persona | Castán Tobeñas, José, |
| Fechas asociadas al nombre | 1889-1969 |
| 9 (RLIN) | 36392 |
| 245 10 - MENCIÓN DEL TÍTULO | |
| Título | Derecho civil español común y foral |
| Resto del título | : obra ajustada al programa para las oposiciones a Notarías determinadas / |
| Mención de responsabilidad, etc. | José Castán Tobeñas. |
| 250 ## - MENCION DE EDICION | |
| Mención de edición | 4ª ed. rev. y puesta al día. |
| 260 ## - PUBLICACIÓN, DISTRIBUCIÓN, ETC. | |
| Lugar de publicación, distribución, etc. | Madrid : |
| Nombre del editor, distribuidor, etc. | Reus, |
| Fecha de publicación, distribución, etc. | 1936-39. |
| 300 ## - DESCRIPCIÓN FÍSICA | |
| Extensión | 2 t. en 3 v. ; |
| Dimensiones | 23 cm. |
| 505 8# - NOTA DE CONTENIDO CON FORMATO | |
| Nota de contenido con formato | Contiene: T. I: Parte 1ª. Norma jurídica y sus problemas. Personas. Bienes, propiedad y sus modificaciones. Parte 2ª. Modos de adquirir la propiedad. Donación. Sucesiones. -- T. II: Parte 1ª. Obligaciones y contratos en general. Contrato sobre bienes con ocasión de matrimonio. Parte 2ª. Contratos usuales. Obligaciones que se contraen sin convenio. Prelación de créditos prestatarios |
| 852 ## - LOCALIZACIÓN | |
| Ubicación | ES-MaACL |
| Número de control de estantería | A-5092-95 |
| Estatus retirado | Estado de pérdida | Estado de daño | No para préstamo | Biblioteca de origen | Biblioteca actual | Ubicación en estantería | Fecha de adquisición | Fuente de adquisición | Total de préstamos | Signatura topográfica completa | Código de barras | Visto por última vez | Precio de reemplazo | Tipo de ítem Koha |
|---|---|---|---|---|---|---|---|---|---|---|---|---|---|---|
| Biblioteca del Ateneo de Madrid | Biblioteca del Ateneo de Madrid | Sala Pecera Planta 1 | 17/01/2008 | A-5092-95 | 1044032 | 23/02/2023 | 23/02/2023 | Libro impreso |
